| 000 | 00887nam a2200253 a 4500 | ||
|---|---|---|---|
| 001 | 48255 | ||
| 003 | BD-RjUL | ||
| 005 | 20211209054504.0 | ||
| 008 | 160813b xxu||||| |||| 00| 0 eng d | ||
| 020 | _a8175222425(V.50) | ||
| 020 | _c817522021X(set) | ||
| 035 | _a(BD-RjUL) | ||
| 040 |
_aBD-RjUL _bben _cBD-RjUL |
||
| 041 | _aben | ||
| 082 |
_223 _a781.1 _bTAS 2006 |
||
| 100 | 1 |
_aঠাকুর, রবীন্দ্রনাথ _9145031 |
|
| 245 | 1 | 0 |
_aশেফালী / _cরাবীন্দ্রনাথ ঠাকুর |
| 260 |
_aকলকাতা : _b বিশ্বভারতী গ্রন্থবিভগ : _c2006 |
||
| 300 |
_a১০৮ পৃ ; _c২৪ সেমি. |
||
| 490 | _aস্বরবিতান ৫০ | ||
| 650 |
_aসঙ্গগীত নীতিমালা _9147235 |
||
| 650 |
_aBasic principle of Music _9147236 |
||
| 942 |
_2ddc _cBK |
||
| 999 |
_c48255 _d48255 |
||